000 00446nam a22001697a 4500
003 NUST - PNEC
005 20170116181134.0
008 151007b xxu||||| |||| 00| 0 eng d
020 _a007470611x
040 _cLIBRARY
082 _a658.45 CIE
100 _914145
_aCielens, Marty
245 _aThe business of communicating
_c Marty,Cielens
250 _a4th ed
650 _914146
_aCommunication in management
_xGeneral
942 _2ddc
_cBK
999 _c70124
_d70124